00349nam a2200121Ia 4500008004100000020001800041082002200059100002400081245003400105260006600139300000800205650001400213140316s9999 xx 000 0 und d a9788182646391 a294.592 2bSAN/RI aSanathanan Pillai,R aRishimanassilekku Oru Jalakam aKozhikodebThe Mathrubhumi Printing & Publishing Co.Ltdc2008 a239 aRamayanam